000 00347nam a2200145 i 4500
001 bg
100 1 _aEICHLER, Włodzimierz
245 0 _aOpakowania aluminiowe /
_cWłodzimierz Eichler.
260 _aKatowice,
_c1966.
040 _cBPK
041 _apol
080 _a621.798:669.71
942 _cKS
008 s pl f |000 0 pol
999 _c16530
_d16530
856 _uhttp://koha.tu.koszalin.pl/cgi-bin/koha/opac-detail.pl?biblionumber=16530
_yKatalog online BPK